|
|
|
|
| LEADER |
01713nam a2200421 a 4500 |
| 001 |
000746462 |
| 003 |
CZ BrMZK |
| 005 |
20041122075205.0 |
| 007 |
ta |
| 008 |
041027s2004 xr a er 000 0 cze d |
| 015 |
|
|
|a cnb001449283
|
| 020 |
|
|
|a 80-86292-16-9
|q (brož.)
|
| 035 |
|
|
|a (OCoLC)85122648
|
| 040 |
|
|
|a BOA001
|b cze
|
| 072 |
|
7 |
|a 686
|x Knihařství. Sklenářství. Kancelářské potřeby
|2 Konspekt
|9 19
|
| 080 |
|
|
|a 686.122
|2 MRF
|
| 080 |
|
|
|a (042.3)
|2 MRF
|
| 080 |
|
|
|a (084.12)
|2 MRF
|
| 100 |
1 |
|
|a Sobota, Jan,
|d 1939-2012
|7 xx0005398
|4 aut
|
| 245 |
1 |
0 |
|a Kazetové vazby a vazby objekty /
|c Jan Sobota
|
| 260 |
|
|
|a Brno :
|b Knihař,
|c 2004
|
| 300 |
|
|
|a 47 s. :
|b il. ;
|c 25 cm
|
| 490 |
1 |
|
|a Fileta ;
|v sv. 3
|
| 500 |
|
|
|a Přednáška Jana Soboty na 12. semináři "The guild of book Workers Standards of Excellence" v San Francisku 1992
|
| 500 |
|
|
|a 100 číslovaných výt.
|
| 550 |
|
|
|a Vydavatel: Společenstvo českých knihařů
|
| 500 |
|
|
|a Dostupné též v digitální podobě v aplikaci Kramerius
|
| 600 |
1 |
7 |
|a Sobota, Jan,
|d 1939-
|7 xx0005398
|2 czenas
|
| 650 |
0 |
7 |
|a knižní vazby
|7 ph114939
|2 czenas
|
| 655 |
|
7 |
|a přednášky
|7 fd133199
|2 czenas
|
| 655 |
|
7 |
|a fotografické publikace
|7 fd132276
|2 czenas
|
| 710 |
2 |
|
|a Společenstvo českých knihařů
|7 xx0024898
|
| 830 |
|
0 |
|a Fileta
|
| 856 |
4 |
1 |
|u http://www.digitalniknihovna.cz/mzk/uuid/uuid:0a00cad0-0f94-11e7-9b53-005056827e52
|y Digitalizovaný dokument
|x NDK
|
| 910 |
|
|
|a BOA001
|b 2-1141.752
|
| 990 |
|
|
|a BK
|
| 996 |
6 |
|
|b 2610231190
|c 2-1141.752
|l MZK
|r Sklad / do 1 hodiny
|n 1
|p p.v.
|w 000746462
|u 000010
|a 1
|e BOA001
|j MZK50
|s P
|
| 996 |
7 |
|
|b 2610231191
|c 2-1141.752
|l MZK
|r Sklad / do 1 hodiny
|n 3
|p p.v.
|w 000746462
|u 000020
|a 1
|e BOA001
|j MZK50
|s A
|